000 00631nam a2200193 i 4500
001 41394
003 ES-MaACL
005 20250722131821.0
007 t|
008 030310s1969 sp ||||1| gao d
100 1 _aCasado Nieto, Manuel.
_936023
245 1 0 _aCarta de Lonxe o Corazón do tempo /
_cManuel Casado Nieto ; prólogo de Basilio Losada ; epílogo de Ramón Otero Pedrayo.
260 _aVigo :
_bGalaxia,
_c1969.
300 _a98 p. ;
_c18 cm.
700 1 _aLosada, Basilio,
_d1930-
_974251
700 1 _aOtero Pedrayo, Ramón,
_d1888-1976
_987917
852 _aES-MaACL
_jC-37041
_bR.70454
999 _c41394
_d41394